000 01814cam a22005414i 4500
003 PE-LiUPU
005 20250731180155.0
008 150616s1991 sp a rb 000 0 spa d
020 _a8420006998
020 _a9788420006994
035 _a(Sirsi) i9788420006994
040 _aPE-LiUPU
_bspa
_cPE-LiUPU
_dPE-LiUPU
_erda
049 _aPRUA
082 0 4 _a574.19
_bR71
_221
100 1 _aRobinson, David S.,
_eautor.
245 1 0 _aBioquímica y valor nutritivo de los alimentos /
_cDavid S. Robinson.
264 1 _aZaragoza :
_bEditorial Acribia, S.A.,
_c1991.
300 _a516 páginas :
_bilustraciones ;
_c25 centímetros
336 _atext
_2rdacontent
337 _aunmediated
_2rdamedia
338 _avolume
_2rdacarrier
504 _aBibliografía: páginas 504-505.
505 0 _aMono y oligosacáridos de los alimentos -- Valor nutricional de las proteínas -- Proceso catabólico en los alimentos.
526 _aSEG44
526 _aSEG26
526 _aP159
526 _aP155
526 _aP154
526 _aP153
526 _aP150
526 _aP100
526 _aP31
526 _aP30
526 _aP26
526 _aP25
526 _aP24
526 _aP22
526 _aP15
526 _aP10
650 0 4 _aComposición de los alimentos.
910 _ajck
_bjvq
_cjck
942 _2ddc
_cBOOK
949 _a574.19 R71
_wDEWEY
_c1
_i41400
_lCCODEBUL1
_mBUL
_r0
_sY
_tBOOK
_u2015-4-23
_xSALUD
_zUNKNOWN
_0COMPRA
_o.STAFF. Colección Ciencias de la Salud
994 _aC0
_bPEPRU
596 _a1
999 _a574.19 R71
_wDEWEY
_c59166
_i41400
_d59166
_e2017-4-24
_f2021-11-3
_g5
_lCCODEBUL1
_mBUL
_n2
_p141.00
_q2
_r0
_sY
_tBOOK
_u2015-4-23
_xSALUD
_zUNKNOWN
_0COMPRA
_o.STAFF. Colección Ciencias de la Salud
980 _81
_gALBERTO SANCHEZ Responsable de Automatización